日立製作所 : 国産技術で世界に雄飛する
Guardat en:
| Autor principal: | |
|---|---|
| Format: | Llibre |
| Idioma: | Undetermined |
| Publicat: |
東京
朝日ソノラマ
1980
|
| Matèries: | |
| Etiquetes: |
Afegir etiqueta
Sense etiquetes, Sigues el primer a etiquetar aquest registre!
|
| Thư viện lưu trữ: | Trung tâm Học liệu Trường Đại học Cần Thơ |
|---|
| LEADER | 00561nam a2200205Ia 4500 | ||
|---|---|---|---|
| 001 | CTU_87360 | ||
| 008 | 210402s9999 xx 000 0 und d | ||
| 082 | |a 338.8 | ||
| 082 | |b K46 | ||
| 100 | |a 吉備雅人(きび まさと) | ||
| 245 | 0 | |a 日立製作所 : | |
| 245 | 0 | |b 国産技術で世界に雄飛する | |
| 245 | 0 | |c 吉備雅人 | |
| 260 | |a 東京 | ||
| 260 | |b 朝日ソノラマ | ||
| 260 | |c 1980 | ||
| 650 | |a Corporations | ||
| 650 | |z Japan | ||
| 904 | |i Ngoc(Tuyến) | ||
| 980 | |a Trung tâm Học liệu Trường Đại học Cần Thơ | ||